Länder nach Wikipedia Beschreibungen #4 - Statistiken

Allgemein
  • Dieses Quiz wurde 66 mal gespielt
  • Das Durchschnittsergebnis liegt bei 13 aus 20
Antwortstatistiken
Hinsweis Antwort % Korrekt
Die einzige portugiesischsprachige Nation in Amerika Brasilien
91%
Das älteste Tennisturnier der Welt, die Wimbledon Championships, wurde erstmals 1877 ausgetragen Vereinigtes Königreich
89%
Ist durch einen Brückentunnel über den Öresund mit Dänemark verbunden Schweden
88%
Die bevölkerungsreichste Demokratie der Welt Indien
84%
Es liegt zwischen China im Süden und Russland im Norden Mongolei
82%
Ist ein enger Partner der Tschechischen Republik geblieben Slowakei
75%
Eines von nur zwei Binnenländern in Südamerika (das andere ist Bolivien) Paraguay
74%
Die meisten Gebiete unterhalb des Meeresspiegels, sogenannte Polder, sind das Ergebnis von Landgewinnung Niederlande
72%
Offiziell die Republik China Taiwan
72%
Die drei mittelalterlichen Fürstentümer Walachei, Moldawien und Siebenbürgen Rumänien
68%
Es wird manchmal anachronistisch mit seinem früheren Namen Zaire bezeichnet Demokratische Republik Kongo
65%
Im Jahr 2016 überholte es Südafrika und wurde zur zweitgrößten Volkswirtschaft Afrikas (nach Nigeria). Ägypten
63%
Der einzige Binnenstaat in Südostasien Laos
58%
Der größte Teil des Landes wird vom fruchtbaren Ganges-Brahmaputra-Delta dominiert Bangladesch
56%
Die Petronas Towers sind die höchsten Zwillingstürme der Welt Malaysia
56%
Hat 17.504 Inseln, die über beide Seiten des Äquators verstreut sind, mit etwa Davon waren 6.000 bewohnt Indonesien
51%
Um 1000 n. Chr. errichteten die Nordmänner ein kleines Lager, das überdauerte ein paar Jahre in L'Anse aux Meadows Kanada
49%
Am 15. Juli 2016 wurde in einem erfolglosen Putschversuch versucht, die Regierung zu stürzen Türkei
44%
Während des Tết kehren viele Menschen aus den Großstädten in ihre Dörfer zurück Familientreffen und Gebete für verstorbene Vorfahren Vietnam
33%
Dies stellte einen Zustand der Hyperinflation dar, den die Zentralbank einführte eine neue 100-Billionen-Dollar-Note Simbabwe
9%
Keine übereinstimmenden Quizze gefunden
Verteilung der Resultate
Anzahl Personen mit jedem Resultat
Perzentil nach korrekt beantworteten Fragen
Ihre Resultats-Entwicklung
Sie haben dieses Quiz noch nicht gespielt